| 000 | 00848nam a22002537a 4500 | ||
|---|---|---|---|
| 001 | 0011735 | ||
| 003 | DO-SdBNP | ||
| 005 | 20180212133740.0 | ||
| 007 | 0011735 | ||
| 008 | 161107b 1997 cl||||| |||| 00| 0 spa d | ||
| 020 | _a9789589635605 | ||
| 040 |
_aBPMSU _bspa _cBPMSU |
||
| 082 |
_axxxxxxxx _bxxxxxxxx |
||
| 100 | 1 | _aMoreno S., Blanca Cecilia | |
| 245 | 1 |
_aAcertijos, adivinanzas y trabalenguas : _ben el constructivo educativo / _cBlanca Cecilia Moreno Sánchez ; prólogo Hildebrando Suescún Dávila |
|
| 250 | _a2a ed. Ampliada y corregida | ||
| 260 |
_aColombia : _bTalleres Gráficos, _c1997. |
||
| 300 |
_a206 p. : _bil., _c25 cm. |
||
| 504 | _aBibliografías : p. 189-190 | ||
| 700 |
_aSuescún Dávila, Hildebrando, _epról. |
||
| 942 |
_2ddc _cBK |
||
| 945 | _ainventariado, 2018 / dg | ||
| 956 |
_aBTAVÁREZ _b10 _c20161107 _d0011735 |
||
| 999 |
_c11822 _d11822 |
||